BÜLBÜL KORUSUNUN GİZEMİ (Record no. 1176406)

MARC details
000 -LEADER
sabit uzunluktaki kontrol alanı 00257nam a2200097Ia 4500
001 - KONTROL NUMARASI
kontrol alanı 1176406
005 - EN SON İŞLEMİN TARİH VE ZAMANI
kontrol alanı 20250827012709.0
008 - SABİT-UZUNLUKTA VERİ ÖĞELERİ--GENEL BİLGİ
sabit uzunluktaki kontrol alanı 250824s9999 xx 000 0 und d
245 #0 - ESER / YAZAR
ESER ADI BÜLBÜL KORUSUNUN GİZEMİ
Yazar Adı LUCY STRANGE
260 ## - YAYIN, DAĞITIM, VB.
YAYIN EVİ HEP KİTAP YAYINLARI
Holdings
Düşüm durumu Kayıp durumu Hasar Durumu Ödünç verilmez Ana kütüphane Geçerli Kütüphane Edinilen tarih Toplam ödünç verme sayısı Barkod Son görüntüleme tarihi Fiyatın geçerli olmaya başladığı tarih Koha materyal türü
        SELÇUKLU BİLİM VE SANAT MERKEZİ SELÇUKLU BİLİM VE SANAT MERKEZİ 24.08.2025   10914268 27.08.2025 27.08.2025 Books